[Event "Wch Seniors 50 29th"]
[Site "Bucharest"]
[Date "2019.11.23"]
[Round "11"]
[White "Horackova, Isabela"]
[Black "Kirilenkov, Vladimir"]
[Result "0-1"]
[WhiteElo "1132"]
[BlackElo "1584"]
[PlyCount "98"]
[EventDate "2019.11.12"]
[EventType "swiss"]
[EventRounds "11"]
[EventCountry "ROU"]
[SourceTitle "CBM 193 Extra"]
[Source "ChessBase"]
[SourceDate "2020.01.31"]
[SourceVersion "1"]
[SourceVersionDate "2020.01.31"]
[SourceQuality "1"]

1. d4 f5 2. Nf3 Nf6 3. Bf4 e6 4. Nbd2 Nh5 5. Bg3 Nxg3 6. hxg3 Nc6 7. c3 Qf6 8. e3 Be7 9. Bd3 d6 10. b4 a6 11. Bc2 Bd7 12. Qe2 e5 13. d5 Nd8 14. Rb1 b5 15. c4 c6 16. Bb3 Nf7 17. a4 0-0 18. Bc2 Rac8 19. Bb3 cxd5 20. cxd5 Rc3 21. Ng1 Rfc8 22. Bd1 e4 23. Qh5 h6 24. Nh3 Ne5 25. 0-0 Nd3 26. f3 Be8 27. Nxe4 Bxh5 28. Nxf6+ Bxf6 29. g4 fxg4 30. fxg4 Bf7 31. Bf3 Ne5 32. g5 hxg5 33. Bd1 Rxe3 34. Bb3 Nc4 35. Rf5 Bg6 36. Nxg5 Bxf5 37. Rf1 Bd3 38. Rd1 Bxg5 39. a5 Rce8 40. Kh2 Re1 41. Rxd3 R8e3 42. Bxc4 bxc4 43. Rd4 c3 44. Rc4 Bf6 45. Rc8+ Kh7 46. Rc6 Be5+ 47. g3 Rxg3 48. Rc4 Rg6+ 49. Kh3 Rh1# 0-1

[Event "Wch Seniors 50 29th"]
[Site "Bucharest"]
[Date "2019.11.22"]
[Round "10"]
[White "Mittermaier, Christian"]
[Black "Horackova, Isabela"]
[Result "1/2-1/2"]
[WhiteElo "1681"]
[BlackElo "1132"]
[PlyCount "51"]
[EventDate "2019.11.12"]
[EventType "swiss"]
[EventRounds "11"]
[EventCountry "ROU"]
[SourceTitle "CBM 193 Extra"]
[Source "ChessBase"]
[SourceDate "2020.01.31"]
[SourceVersion "1"]
[SourceVersionDate "2020.01.31"]
[SourceQuality "1"]

1. d4 d6 2. e4 c6 3. f4 Nf6 4. Nc3 g6 5. Nf3 Bg7 6. Bd3 Nbd7 7. Qe2 0-0 8. e5 Nd5 9. 0-0 Re8 10. Nxd5 cxd5 11. e6 Nf8 12. exf7+ Kxf7 13. f5 Kg8 14. fxg6 h6 15. c3 e5 16. Bb5 Re6 17. dxe5 dxe5 18. Ba4 Nxg6 19. Bb3 Re8 20. Qb5 Ne7 21. Be3 Kh8 22. Rad1 a6 23. Qc5 Be6 24. Bf2 Rc8 25. Qe3 Nf5 26. Qd2 1/2-1/2

[Event "Wch Seniors 50 29th"]
[Site "Bucharest"]
[Date "2019.11.16"]
[Round "5"]
[White "Grant, Glynis"]
[Black "Horackova, Isabela"]
[Result "0-1"]
[WhiteElo "1284"]
[BlackElo "1132"]
[PlyCount "104"]
[EventDate "2019.11.12"]
[EventType "swiss"]
[EventRounds "11"]
[EventCountry "ROU"]
[SourceTitle "CBM 193 Extra"]
[Source "ChessBase"]
[SourceDate "2020.01.31"]
[SourceVersion "1"]
[SourceVersionDate "2020.01.31"]
[SourceQuality "1"]

1. e4 e5 2. Nc3 c6 3. f4 d6 4. Nf3 Nd7 5. a4 a5 6. Bc4 h6 7. 0-0 exf4 8. d3 g5 9. Nd4 Ne5 10. Ba2 Qb6 11. Nce2 Bg4 12. Kh1 Qd8 13. Nf3 Nxf3 14. gxf3 Bh3 15. Rf2 Ne7 16. c3 Bg7 17. Qb3 0-0 18. Bd2 Ng6 19. d4 c5 20. Rg1 b6 21. Qc2 Qd7 22. Bc4 Qc7 23. d5 Ne5 24. Ba2 c4 25. Nc1 Qc5 26. Be1 g4 27. fxg4 f3 28. Qd2 Bxg4 29. h3 Bh5 30. Qxh6 Bg6 31. Qg5 Qc8 32. Qg3 f5 33. exf5 Qxf5 34. Ne2 Ra7 35. Nd4 Qh5 36. Nc6 Raf7 37. Nxe5 dxe5 38. d6 Kh7 39. Bxc4 Rf4 40. Be6 R4f6 41. Bg4 Qh6 42. Bd2 Rf4 43. Bxf4 Rxf4 44. d7 Bf6 45. Bxf3 Bg5 46. Qg2 Rh4 47. Bg4 Qg7 48. Rd1 Qe7 49. Qb7 Qg7 50. d8Q Qxb7+ 51. Kg1 Bxd8 52. Rxd8 Qe7 0-1

[Event "Wch Seniors 50 29th"]
[Site "Bucharest"]
[Date "2019.11.15"]
[Round "4"]
[White "Horackova, Isabela"]
[Black "Vladescu, Viorel Ovidiu"]
[Result "0-1"]
[WhiteElo "1132"]
[BlackElo "1725"]
[PlyCount "76"]
[EventDate "2019.11.12"]
[EventType "swiss"]
[EventRounds "11"]
[EventCountry "ROU"]
[SourceTitle "CBM 193 Extra"]
[Source "ChessBase"]
[SourceDate "2020.01.31"]
[SourceVersion "1"]
[SourceVersionDate "2020.01.31"]
[SourceQuality "1"]

1. d4 c6 2. Bf4 d6 3. h3 g6 4. e3 Bg7 5. c3 Nd7 6. Bd3 e5 7. Bh2 d5 8. e4 dxe4 9. Bxe4 exd4 10. cxd4 Ngf6 11. Bc2 0-0 12. Ne2 Nd5 13. 0-0 Qb6 14. Bb3 N7f6 15. Nd2 Re8 16. Nc4 Qa6 17. Re1 Be6 18. Rc1 Bh6 19. Rc2 Bf5 20. Nd6 Bxc2 21. Qxc2 Re6 22. Bc4 b5 23. Bb3 Rd8 24. Be5 Rexd6 25. Bxd6 Rxd6 26. Qc5 Re6 27. Qc2 Qa5 28. Rf1 Ne4 29. Bxd5 cxd5 30. Qc8+ Kg7 31. Kh1 Nxf2+ 32. Kg1 Be3 33. Kh2 Qd2 34. Ng3 Bf4 35. Qd7 Qe3 36. Qxd5 Qxg3+ 37. Kg1 Nxh3+ 38. Kh1 Qh2# 0-1

[Event "Wch Seniors 50 28th"]
[Site "Bled"]
[Date "2018.11.28"]
[Round "10"]
[White "Horackova, Isabela"]
[Black "Warstad, Leif Edvin"]
[Result "1-0"]
[WhiteElo "1125"]
[BlackElo "1544"]
[PlyCount "65"]
[EventDate "2018.11.18"]
[EventType "swiss"]
[EventRounds "11"]
[EventCountry "SLO"]
[SourceTitle "CBM 187 Extra"]
[Source "ChessBase"]
[SourceDate "2018.11.04"]
[SourceVersion "1"]
[SourceVersionDate "2018.11.04"]
[SourceQuality "1"]

1. d4 d5 2. Nf3 Nf6 3. Bf4 e6 4. c3 Bd6 5. e3 Bxf4 6. exf4 0-0 7. Bd3 Nbd7 8. 0-0 b6 9. Re1 c5 10. Ne5 Bb7 11. Nd2 Re8 12. Rc1 Rc8 13. Qf3 a6 14. Qh3 cxd4 15. cxd4 Nf8 16. Ndf3 Ne4 17. Red1 f6 18. Ng4 Ng6 19. g3 Qe7 20. f5 exf5 21. Ne3 Rxc1 22. Rxc1 f4 23. Nf5 Qe6 24. Qg4 fxg3 25. hxg3 Bc8 26. N3h4 Kf8 27. Qh5 Nxh4 28. Nxh4 h6 29. Ng6+ Kg8 30. Nf4 Qe7 31. Nxd5 b5 32. Rc7 Qe6 33. Nf4 1-0

[Event "Wch Seniors 50 28th"]
[Site "Bled"]
[Date "2018.11.26"]
[Round "8"]
[White "Horackova, Isabela"]
[Black "Fainman, Avi"]
[Result "0-1"]
[WhiteElo "1125"]
[BlackElo "1385"]
[PlyCount "92"]
[EventDate "2018.11.18"]
[EventType "swiss"]
[EventRounds "11"]
[EventCountry "SLO"]
[SourceTitle "CBM 187 Extra"]
[Source "ChessBase"]
[SourceDate "2018.11.04"]
[SourceVersion "1"]
[SourceVersionDate "2018.11.04"]
[SourceQuality "1"]

1. d4 d5 2. Nf3 Nf6 3. Bf4 Bf5 4. e3 e6 5. c3 Nbd7 6. Be2 c5 7. 0-0 a6 8. Nbd2 Nh5 9. Bg3 Nxg3 10. hxg3 c4 11. Re1 Be7 12. b3 b5 13. Bf1 h5 14. e4 Bg4 15. exd5 exd5 16. Qc2 0-0 17. Be2 Re8 18. Nh2 Bxe2 19. Rxe2 Bd6 20. Rae1 Rxe2 21. Rxe2 Nf6 22. Qf5 g6 23. Qf3 Kg7 24. Re3 Qd7 25. Qe2 Re8 26. Rxe8 Qxe8 27. Qxe8 Nxe8 28. f4 Nf6 29. Nhf3 Ne4 30. Nxe4 dxe4 31. Ng5 f5 32. Ne6+ Kf6 33. d5 a5 34. Nd4 cxb3 35. Nxb3 a4 36. Nd4 Bc5 37. Kf1 b4 38. Nb5 b3 39. axb3 axb3 40. c4 Bb4 41. d6 b2 42. Kg1 b1Q+ 43. Kh2 Qd3 44. Nc7 Bxd6 45. Ne8+ Kf7 46. Nxd6+ Qxd6 0-1

[Event "Wch Seniors 50 28th"]
[Site "Bled"]
[Date "2018.11.25"]
[Round "7"]
[White "Horackova, Isabela"]
[Black "Vieira, Alexandre Letizio"]
[Result "0-1"]
[WhiteElo "1125"]
[BlackElo "1810"]
[PlyCount "64"]
[EventDate "2018.11.18"]
[EventType "swiss"]
[EventRounds "11"]
[EventCountry "SLO"]
[SourceTitle "CBM 187 Extra"]
[Source "ChessBase"]
[SourceDate "2018.11.04"]
[SourceVersion "1"]
[SourceVersionDate "2018.11.04"]
[SourceQuality "1"]

1. d4 Nf6 2. Nf3 g6 3. Bf4 Bg7 4. e3 d6 5. Be2 0-0 6. 0-0 Nbd7 7. c3 Nh5 8. Nbd2 Nxf4 9. exf4 c5 10. Re1 b6 11. a4 Bb7 12. Bf1 Nf6 13. h3 Nh5 14. g3 cxd4 15. cxd4 Rc8 16. b3 e6 17. h4 Rc3 18. Rc1 Rxc1 19. Qxc1 Qa8 20. Bg2 Bxd4 21. Qc4 Bg7 22. Qd3 d5 23. Nd4 Qc8 24. Bh3 Bxd4 25. Qxd4 Qc5 26. Qxc5 bxc5 27. Nf3 d4 28. Ne5 Bd5 29. Rb1 Rb8 30. Nd7 Rc8 31. Bf1 Rc7 32. Ne5 Nf6 0-1

[Event "Wch Seniors 50 28th"]
[Site "Bled"]
[Date "2018.11.22"]
[Round "5"]
[White "Horackova, Isabela"]
[Black "Kainz, Josef"]
[Result "0-1"]
[WhiteElo "1125"]
[BlackElo "1907"]
[PlyCount "70"]
[EventDate "2018.11.18"]
[EventType "swiss"]
[EventRounds "11"]
[EventCountry "SLO"]
[SourceTitle "CBM 187 Extra"]
[Source "ChessBase"]
[SourceDate "2018.11.04"]
[SourceVersion "1"]
[SourceVersionDate "2018.11.04"]
[SourceQuality "1"]

1. d4 Nf6 2. Nf3 g6 3. Bf4 Bg7 4. e3 d6 5. Bd3 Nh5 6. c3 Nxf4 7. exf4 0-0 8. 0-0 Bg4 9. Nbd2 c5 10. h3 Bd7 11. Re1 e6 12. Qb3 Nc6 13. Nc4 d5 14. Nd6 c4 15. Bxc4 Na5 16. Qb4 Nxc4 17. Nxb7 Qc7 18. b3 Rab8 19. bxc4 Rxb7 20. Qe7 Qxc4 21. Rec1 Re8 22. Qh4 Reb8 23. Ng5 h6 24. Nf3 Rb2 25. Qe7 Qe2 26. Rf1 R8b7 27. Qd8+ Kh7 28. Rae1 Qd3 29. Qe7 Qf5 30. Qh4 Bf6 31. Ng5+ Kg7 32. Re3 hxg5 33. fxg5 Bxg5 34. Qg3 Bxe3 35. fxe3 Rb1 0-1

[Event "Wch Seniors 50 26th"]
[Site "Marianske Lazne"]
[Date "2016.11.28"]
[Round "9"]
[White "Horackova, Isabela"]
[Black "Laloucek, Miroslav"]
[Result "0-1"]
[WhiteElo "1165"]
[BlackElo "1771"]
[PlyCount "100"]
[EventDate "2016.11.19"]
[EventType "swiss"]
[EventRounds "11"]
[EventCountry "CZE"]
[SourceTitle "CBM 175 Extra"]
[Source "ChessBase"]
[SourceDate "2016.12.12"]
[SourceVersion "1"]
[SourceVersionDate "2016.12.12"]
[SourceQuality "1"]

1. e4 d5 2. exd5 Nf6 3. c4 e6 4. Qe2 Be7 5. Nc3 exd5 6. d4 0-0 7. Nf3 Re8 8. Be3 b6 9. Qd3 dxc4 10. Qxc4 Be6 11. Qd3 Nd5 12. Qe4 c6 13. Be2 Nd7 14. Ne5 Nxe5 15. dxe5 Nxc3 16. bxc3 Qc7 17. 0-0 Bd5 18. Qf4 f6 19. Qg3 fxe5 20. Bh6 Bf6 21. Bd3 Kh8 22. Be3 Re7 23. Qh3 e4 24. Be2 Bxc3 25. Rac1 Bf6 26. Rcd1 Be6 27. Qh5 Bxa2 28. Bg5 Bxg5 29. Qxg5 Rf8 30. Bg4 Be6 31. Be2 Ref7 32. f3 Rf5 33. Qe3 exf3 34. Rxf3 Rxf3 35. Qxe6 R3f6 36. Qe3 Qf4 37. Qd3 Qf2+ 38. Kh1 Qc5 39. Bf1 Rd6 40. Qe2 Rxd1 41. Qxd1 a5 42. h3 b5 43. Qb1 a4 44. Bd3 h6 45. Qe1 Qd4 46. Qg3 Rd8 47. Bc2 Qf6 48. Qa3 Rd2 49. Bb1 Qf1+ 50. Kh2 Rxg2# 0-1

[Event "Wch Seniors 50 26th"]
[Site "Marianske Lazne"]
[Date "2016.11.21"]
[Round "3"]
[White "Serafim Junior, Arnor"]
[Black "Horackova, Isabela"]
[Result "1-0"]
[WhiteElo "1846"]
[BlackElo "1165"]
[PlyCount "49"]
[EventDate "2016.11.19"]
[EventType "swiss"]
[EventRounds "11"]
[EventCountry "CZE"]
[SourceTitle "CBM 175 Extra"]
[Source "ChessBase"]
[SourceDate "2016.12.12"]
[SourceVersion "1"]
[SourceVersionDate "2016.12.12"]
[SourceQuality "1"]

1. c4 e5 2. Nc3 Nf6 3. g3 Be7 4. Bg2 c6 5. d4 exd4 6. Qxd4 c5 7. Qd3 d6 8. Nf3 Nc6 9. 0-0 Be6 10. Ng5 Ne5 11. Nxe6 fxe6 12. Qc2 0-0 13. b3 Rb8 14. Bb2 a6 15. Rad1 Qc7 16. Bh3 Qc8 17. Nd5 Bd8 18. Nf4 Qc6 19. Nxe6 Qd7 20. Bxe5 Qe7 21. Bxd6 Qf7 22. Nxf8 Kh8 23. Bxb8 Qh5 24. Rxd8 Qxh3 25. Ng6# 1-0

[Event "Hradec Kralove op 7th"]
[Site "Hradec Kralove"]
[Date "2016.10.04"]
[Round "5"]
[White "Kutek, Jiri"]
[Black "Horackova, Isabela"]
[Result "0-1"]
[WhiteElo "1492"]
[BlackElo "1101"]
[PlyCount "44"]
[EventDate "2016.10.01"]
[EventType "swiss"]
[EventRounds "9"]
[EventCountry "CZE"]
[SourceTitle "EXT 2017"]
[Source "ChessBase"]
[SourceDate "2016.10.25"]
[SourceVersion "1"]
[SourceVersionDate "2016.10.25"]
[SourceQuality "1"]

1. f4 d5 2. e3 g6 3. d4 Bg7 4. c4 Nc6 5. Nc3 e6 6. cxd5 exd5 7. Bb5 Nge7 8. b3 0-0 9. a4 a6 10. Bxc6 Nxc6 11. Ba3 Re8 12. Nge2 Rxe3 13. Kf2 Re8 14. h3 Bf5 15. Re1 g5 16. Bc1 g4 17. hxg4 Bxg4 18. Be3 Ne7 19. Qd2 Nf5 20. Ng3 Qh4 21. Nce2 Bxe2 22. Rxe2 Nxg3 0-1